Juicio oral, sentencia arbitraria y recurso de casación (Record no. 155393)

MARC details
000 -LEADER
fixed length control field 00652nam a22001817a 4500
005 - DATE AND TIME OF LATEST TRANSACTION
control field 20210617103528.0
008 - FIXED-LENGTH DATA ELEMENTS--GENERAL INFORMATION
fixed length control field 210324b ag ||||| |||| 00| 0 spa d
020 ## - INTERNATIONAL STANDARD BOOK NUMBER
International Standard Book Number 9506702941
050 04 - LIBRARY OF CONGRESS CALL NUMBER
Classification number KHA5875
Item number M37 2001
100 1# - MAIN ENTRY--PERSONAL NAME
Personal name García Maañón, Ernesto A. A.
245 10 - TITLE STATEMENT
Title Juicio oral, sentencia arbitraria y recurso de casación
Remainder of title : en la provincia de Buenos Aires
Statement of responsibility, etc / Ernesto A. A. García Maañón.
250 ## - EDITION STATEMENT
Edition statement 1a ed.
260 ## - PUBLICATION, DISTRIBUTION, ETC. (IMPRINT)
Place of publication, distribution, etc Buenos Aires, Argentina :
Name of publisher, distributor, etc Universidad,
Date of publication, distribution, etc 2001
300 ## - PHYSICAL DESCRIPTION
Extent 173 p. ;
Dimensions 23 cm.
504 ## - BIBLIOGRAPHY, ETC. NOTE
Bibliography, etc Incluye bibliografía : p. 171-173
650 #7 - SUBJECT ADDED ENTRY--TOPICAL TERM
Source of heading or term lemb
Topical term or geographic name as entry element Procedimiento penal
Geographic subdivision Argentina, Buenos Aires
942 ## - ADDED ENTRY ELEMENTS (KOHA)
Source of classification or shelving scheme Biblioteca del Cogreso de los Estados Unidos
Koha item type Libro
Holdings
Estado de pérdida Fuente de clasificación Estado del daño No para préstamo Ubicación permanente Ubicación actual Apartado o colección Fecha de adquisición Edición Dependencia de educación superior (DES) Área del conocimiento Total Checkouts Clasificación Código de Barras Date last seen Número de copia Costo por reposición Tipo de recurso
  Biblioteca del Cogreso de los Estados Unidos     Biblioteca del Posgrado en Derecho Biblioteca del Posgrado en Derecho Colección Ernesto Villanueva 24/03/2021 1a ed. Derecho Ciencias Sociales y Administrativas   KHA5875 M37 2002 BPD000001398 24/03/2021 1 1.00 Libro